| 000 | 00734cam a2200265 4500500 | ||
|---|---|---|---|
| 005 | 20260405002909.0 | ||
| 041 | _afre | ||
| 042 | _adc | ||
| 100 | 1 | 0 |
_aLacroix, Alexandre _eauthor |
| 245 | 0 | 0 | _aTous égoïstes ? |
| 260 | _c2019. | ||
| 500 | _a42 | ||
| 690 | _aAlexandre Lacroix | ||
| 690 | _aAltrusime | ||
| 690 | _aÉgoïsme | ||
| 690 | _aÉquité | ||
| 690 | _aFrans de Waal | ||
| 690 | _aGrand Débat national | ||
| 690 | _aInéquité | ||
| 690 | _aJustice | ||
| 690 | _aJustice sociale | ||
| 690 | _aSinge | ||
| 786 | 0 | _nPhilosophie magazine | 128 | 4 | 2019-04-01 | p. 21-21 | 1951-1787 | |
| 856 | 4 | 1 | _uhttps://shs.cairn.info/magazine-philosophie-magazine-2019-4-page-21?lang=fr&redirect-ssocas=7080 |
| 999 |
_c2062245 _d2062245 |
||